| 000 -LEADER |
| fixed length control field |
01634nam a22004697a 4500 |
| 001 - CONTROL NUMBER |
| control field |
4452321 |
| 003 - CONTROL NUMBER IDENTIFIER |
| control field |
OSt |
| 005 - DATE AND TIME OF LATEST TRANSACTION |
| control field |
20210421054916.0 |
| 008 - FIXED-LENGTH DATA ELEMENTS--GENERAL INFORMATION |
| fixed length control field |
950927s1995 nyuabf 001 0beng |
| 010 ## - LIBRARY OF CONGRESS CONTROL NUMBER |
| LC control number |
95030003 |
| 020 ## - INTERNATIONAL STANDARD BOOK NUMBER |
| International Standard Book Number |
0465008941 |
| 020 ## - INTERNATIONAL STANDARD BOOK NUMBER |
| International Standard Book Number |
046500895X |
| 040 ## - CATALOGING SOURCE |
| Original cataloging agency |
eng |
| Transcribing agency |
DLC |
| Modifying agency |
eng |
| Language of cataloging |
eng |
| 041 1# - LANGUAGE CODE |
| Language code of text/sound track or separate title |
eng |
| Language code of original |
ger |
| 043 ## - GEOGRAPHIC AREA CODE |
| Geographic area code |
e------ |
| -- |
ff----- |
| -- |
aw----- |
| 050 00 - LIBRARY OF CONGRESS CALL NUMBER |
| Classification number |
DG261 |
| Item number |
.M3713 1995 |
| 080 ## - UNIVERSAL DECIMAL CLASSIFICATION NUMBER |
| Universal Decimal Classification number |
92 |
| Item number |
M-50 |
| 082 00 - DEWEY DECIMAL CLASSIFICATION NUMBER |
| Classification number |
937/.05/092 |
| Edition number |
21 |
| 100 1# - MAIN ENTRY--PERSONAL NAME |
| Personal name |
Meier, Christian, |
| Dates associated with a name |
1929- |
| 240 10 - UNIFORM TITLE |
| Uniform title |
Caesar. |
| Language of a work |
English |
| 245 10 - TITLE STATEMENT |
| Title |
Caesar / |
| Statement of responsibility, etc. |
Christian Meier ; translated from the German by David McLintock. |
| 260 ## - PUBLICATION, DISTRIBUTION, ETC. |
| Place of publication, distribution, etc. |
New York : |
| Name of publisher, distributor, etc. |
BasicBooks/HarperCollins, |
| Date of publication, distribution, etc. |
[1995]. |
| 300 ## - PHYSICAL DESCRIPTION |
| Extent |
513 p., 16 p. of plates : |
| Other physical details |
ill., maps ; |
| Dimensions |
24 cm. |
| 365 ## - TRADE PRICE |
| Price amount |
17 usd |
| 500 ## - GENERAL NOTE |
| General note |
Originally published : United Kingdom : HarperCollins, 1995. |
| 500 ## - GENERAL NOTE |
| General note |
Translation of the 3rd German pbk. ed. |
| 500 ## - GENERAL NOTE |
| General note |
Includes index. |
| 600 10 - SUBJECT ADDED ENTRY--PERSONAL NAME |
| Personal name |
Caesar, Julius. |
| 650 #0 - SUBJECT ADDED ENTRY--TOPICAL TERM |
| Topical term or geographic name entry element |
Statesmen |
| Geographic subdivision |
Rome |
| General subdivision |
Biography. |
| 650 #0 - SUBJECT ADDED ENTRY--TOPICAL TERM |
| Topical term or geographic name entry element |
Biography |
| 9 (RLIN) |
237 |
| 650 #0 - SUBJECT ADDED ENTRY--TOPICAL TERM |
| Topical term or geographic name entry element |
History |
| 9 (RLIN) |
252 |
| 650 #0 - SUBJECT ADDED ENTRY--TOPICAL TERM |
| Topical term or geographic name entry element |
Generals |
| Geographic subdivision |
Rome |
| General subdivision |
Biography. |
| 651 #0 - SUBJECT ADDED ENTRY--GEOGRAPHIC NAME |
| Geographic name |
Rome |
| General subdivision |
History |
| Chronological subdivision |
Republic, 265-30 B.C. |
| 653 ## - INDEX TERM--UNCONTROLLED |
| Uncontrolled term |
ბიოგრაფია |
| 653 ## - INDEX TERM--UNCONTROLLED |
| Uncontrolled term |
ისტორია |
| 653 ## - INDEX TERM--UNCONTROLLED |
| Uncontrolled term |
ძველი რომი |
| 700 ## - ADDED ENTRY--PERSONAL NAME |
| 9 (RLIN) |
488 |
| Personal name |
McLintock, David |
| Relator term |
Translator |
| 856 42 - ELECTRONIC LOCATION AND ACCESS |
| Materials specified |
Publisher description |
| Uniform Resource Identifier |
<a href="http://www.loc.gov/catdir/enhancements/fy0831/95030003-d.html">http://www.loc.gov/catdir/enhancements/fy0831/95030003-d.html</a> |
| 906 ## - LOCAL DATA ELEMENT F, LDF (RLIN) |
| a |
7 |
| b |
cbc |
| c |
orignew |
| d |
1 |
| e |
ocip |
| f |
19 |
| g |
y-gencatlg |
| 942 ## - ADDED ENTRY ELEMENTS (KOHA) |
| Source of classification or shelving scheme |
|
| Koha item type |
Books |